Liga mistrzów - najlepsi asystenci - Statystyki

Ogólne statystyki
  • Ten quiz został rozwiązany 107 razy
  • Średni wynik to 12 z 15
Statystyki odpowiedzi
miejsce kraj status liczba asyst zawodnik % Poprawnych
1. Portugalia aktywny 42 Cristiano Ronaldo
100%
3. Argentyna aktywny 40 Lionel Messi
100%
6. Brazylia aktywny 33 Neymar
95%
9. Belgia aktywny 29 Kevin de Bruyne
90%
8. Hiszpania koniec kariery 30 Xavi
89%
9. Hiszpania koniec kariery 29 Andres Iniesta
88%
2. Argentyna aktywny 41 Angel Di Maria
87%
9. Niemcy aktywny 29 Thomas Muller
83%
7. Walia koniec kariery 31 Ryan Giggs
77%
5. Portugalia koniec kariery 34 Luis Figo
74%
15. Francja koniec kariery 25 Thierry Henry
70%
14. Francja koniec kariery 26 Zinedine Zidane
70%
4. Anglia koniec kariery 36 David Beckham
61%
9. Francja aktywny 29 Karim Benzema
59%
13. Hiszpania koniec kariery 27 Raul
43%
Nie znaleziono quizów pasujących do podanych kryteriów
Rozkład punktacji
Procent ludzi z każdym wynikiem
Percentyl według liczby udzielonych odpowiedzi
Twoja historia wyników
Nie rozwiązałeś tego quizu